[Event "OLNN 1617 SK Marmstorf - SSC Rostock"]
[Site "?"]
[Date "2016.11.20"]
[Round "2.1"]
[White "Brynell, Stellan"]
[Black "Hebbinghaus, Holger"]
[Result "1-0"]
[WhiteElo "2450"]
[BlackElo "2267"]
[PlyCount "101"]
[EventDate "2016.??.??"]

1. d4 d5 2. c4 c6 3. Nf3 Nf6 4. Nc3 dxc4 5. a4 a5 6. e4 Bg4 7. Bxc4 e6 8. Be3
Bb4 9. Qc2 Nbd7 10. Nd2 e5 11. f3 Bh5 12. Nb3 Qe7 13. O-O O-O 14. Qf2 Rfd8 15.
Rfd1 Bg6 16. Rac1 exd4 17. Bxd4 Bd6 18. Be3 Bc7 19. Nc5 Nxc5 20. Bxc5 Qe5 21.
g3 Nd7 22. Be3 Qe7 23. Be2 Rac8 24. Rd2 f6 25. Kg2 Bf7 26. f4 Be6 27. Bf3 Nf8
28. Bc5 Rxd2 29. Bxe7 Rxf2+ 30. Kxf2 Kf7 31. Bc5 Rd8 32. Be3 Rd7 33. Ne2 Bb3
34. Nd4 Bxa4 35. Bg4 Re7 36. b3 Bxb3 37. Nxb3 Rxe4 38. Ra1 b6 39. Nd4 c5 40.
Nb5 Re7 41. Rb1 Bb8 42. Nc3 Ba7 43. Nd5 Re4 44. Bxc5 bxc5 45. Rb7+ Kg8 46. Rxa7
a4 47. Bf3 Rd4 48. Ne7+ Kh8 49. Ra8 Rd2+ 50. Ke3 Rxh2 51. Rxf8# 1-0

[Event "OLNN 1617 SK Marmstorf - SSC Rostock"]
[Site "?"]
[Date "2016.11.20"]
[Round "2.2"]
[White "Hawellek, Jeronimo"]
[Black "Rudolf, Henrik"]
[Result "0-1"]
[WhiteElo "2352"]
[BlackElo "2356"]
[PlyCount "68"]
[EventDate "2016.??.??"]

1. d4 Nf6 2. c4 g6 3. Nc3 Bg7 4. e4 d6 5. h3 O-O 6. Be3 e5 7. d5 Na6 8. Bd3 Kh8
9. g4 c6 10. Nge2 cxd5 11. cxd5 Bd7 12. Ng3 Nc5 13. Bc2 a5 14. g5 Ne8 15. a3 a4
16. Bxc5 dxc5 17. Bxa4 Bxa4 18. Nxa4 Qxg5 19. Nxc5 Nd6 20. h4 Qe7 21. h5 Kg8
22. hxg6 hxg6 23. Rc1 Rfc8 24. Kf1 Qg5 25. Kg2 Rc7 26. Nd3 Rac8 27. Rxc7 Rxc7
28. Qb3 Nxe4 29. Rd1 Bf8 30. Nxe5 Qxe5 31. Re1 Nc5 32. Rxe5 Nxb3 33. Ne4 Re7
34. d6 Rxe5 0-1

[Event "OLNN 1617 SK Marmstorf - SSC Rostock"]
[Site "?"]
[Date "2016.11.20"]
[Round "2.3"]
[White "Skibbe, Willi"]
[Black "Mueller, Tobias"]
[Result "1/2-1/2"]
[WhiteElo "2281"]
[BlackElo "2138"]
[PlyCount "153"]
[EventDate "2016.??.??"]

1. d4 f5 2. Nc3 d5 3. Bf4 c6 4. e3 Nf6 5. Bd3 e6 6. Nge2 Be7 7. f3 O-O 8. Qd2
b6 9. e4 c5 10. exd5 Nxd5 11. dxc5 bxc5 12. Bc4 Nxf4 13. Qxf4 Nc6 14. Qe3 Nd4
15. O-O-O Bf6 16. Bxe6+ Kh8 17. Bc4 Rb8 18. Kb1 Re8 19. Qd3 Qb6 20. b3 Nxe2 21.
Nxe2 Be6 22. Nf4 Bxc4 23. Qxc4 Qb4 24. Qxb4 cxb4 25. Rd7 Rbd8 26. Rxd8 Rxd8 27.
Nd3 Bc3 28. Kc1 Re8 29. g4 Re3 30. Rf1 Re2 31. Rf2 Re3 32. Kd1 Kg8 33. gxf5 Kf7
34. f4 Kf6 35. Re2 Rf3 36. Rg2 Kxf5 37. Ke2 Rh3 38. Nf2 Rh6 39. Kf3 Ra6 40. Ne4
Rxa2 41. Nxc3 bxc3 42. Ke3 g6 43. Rg5+ Ke6 44. Kd3 Ra1 45. h4 Rf1 46. h5 Kf6
47. hxg6 hxg6 48. Ke3 Rc1 49. Kd3 Rf1 50. Kxc3 Rxf4 51. Ra5 g5 52. Kd3 Rf3+ 53.
Kd4 g4 54. Ra6+ Kf5 55. Rxa7 g3 56. c3 Kf6 57. Ra6+ Kf7 58. Ra7+ Kf6 59. Ra8
Kf7 60. Ra1 g2 61. Rg1 Rf2 62. b4 Ke7 63. Kc5 Kd7 64. Kb6 Kc8 65. c4 Rf6+ 66.
Ka5 Rg6 67. c5 Kb7 68. Kb5 Rg5 69. Ka5 Kc6 70. b5+ Kxc5 71. b6 Kc6+ 72. Ka6 Rg3
73. Rc1+ Kd7 74. Rd1+ Kc6 75. Rc1+ Kd7 76. Rg1 Kc6 77. Rc1+ 1/2-1/2

[Event "OLNN 1617 SK Marmstorf - SSC Rostock"]
[Site "?"]
[Date "2016.11.20"]
[Round "2.4"]
[White "Ramme, Christoph"]
[Black "Jaster, Robert"]
[Result "1/2-1/2"]
[WhiteElo "2140"]
[BlackElo "2277"]
[PlyCount "54"]
[EventDate "2016.??.??"]

1. e4 c6 2. d4 d5 3. e5 c5 4. dxc5 Nc6 5. Bb5 e6 6. Be3 Nge7 7. c3 Bd7 8. Bxc6
Nxc6 9. f4 g5 10. fxg5 h6 11. Nf3 Qc7 12. g6 fxg6 13. Bd4 g5 14. h3 Bg7 15. Qe2
O-O 16. Na3 a6 17. O-O Rf4 18. Rae1 Raf8 19. Qd3 Be8 20. b4 Ne7 21. Nd2 Bg6 22.
Qe2 Nc6 23. Rxf4 Rxf4 24. Qe3 Ne7 25. Qe2 Nc6 26. Qe3 Ne7 27. Qe2 Nc6 1/2-1/2

[Event "OLNN 1617 SK Marmstorf - SSC Rostock"]
[Site "?"]
[Date "2016.11.20"]
[Round "2.5"]
[White "Mangold, Thomas"]
[Black "Mueller, Jan-Hendrik"]
[Result "1/2-1/2"]
[WhiteElo "1968"]
[BlackElo "2084"]
[PlyCount "35"]
[EventDate "2016.??.??"]

1. d4 e6 2. c4 Nf6 3. Nc3 Bb4 4. e3 b6 5. Nge2 Bb7 6. a3 Bxc3+ 7. Nxc3 d5 8.
cxd5 exd5 9. Bd3 c5 10. O-O O-O 11. Qc2 Nc6 12. Rd1 Qe7 13. dxc5 bxc5 14. Nxd5
Nxd5 15. Bxh7+ Kh8 16. Rxd5 Nd4 17. Rh5 Nxc2 18. Bg6+ 1/2-1/2

[Event "OLNN 1617 SK Marmstorf - SSC Rostock"]
[Site "?"]
[Date "2016.11.20"]
[Round "2.6"]
[White "Hohlbein, Michael"]
[Black "Engel, Gunnar"]
[Result "1/2-1/2"]
[WhiteElo "2076"]
[BlackElo "2060"]
[PlyCount "25"]
[EventDate "2016.??.??"]

1. e4 c5 2. Nf3 a6 3. Nc3 d6 4. d4 cxd4 5. Nxd4 Nf6 6. Bg5 e6 7. f4 Be7 8. Qe2
Nc6 9. Nxc6 bxc6 10. O-O-O Qa5 11. e5 dxe5 12. fxe5 Rb8 13. Qc4 1/2-1/2

[Event "OLNN 1617 SK Marmstorf - SSC Rostock"]
[Site "?"]
[Date "2016.11.20"]
[Round "2.7"]
[White "Celmer, Ole"]
[Black "Diekmann, Jens"]
[Result "0-1"]
[WhiteElo "1935"]
[BlackElo "2044"]
[PlyCount "86"]
[EventDate "2016.??.??"]

1. e4 c5 2. c3 d5 3. exd5 Qxd5 4. d4 cxd4 5. cxd4 Nc6 6. Nf3 e5 7. Nc3 Bb4 8.
Bd2 Bxc3 9. Bxc3 e4 10. Ne5 Nxe5 11. dxe5 Ne7 12. Qa4+ Bd7 13. Qa3 Qe6 14. Be2
O-O 15. O-O Ng6 16. Rad1 Nf4 17. Rd2 Qg6 18. g3 Nxe2+ 19. Rxe2 Bb5 20. Rfe1
Bxe2 21. Rxe2 Qg4 22. Re1 Rfd8 23. Qa4 b5 24. Qxe4 Qe6 25. a4 a6 26. axb5 axb5
27. Qb4 Rd5 28. h4 Rad8 29. Qa5 h6 30. Bb4 Re8 31. Bc3 Qg4 32. Qb6 Qd7 33. Kh2
Kh7 34. Ra1 Qe6 35. Qe3 Red8 36. Ra7 Rd1 37. Qf3 R8d7 38. Ra8 R7d3 39. Qe4+ f5
40. Qb7 Rd7 41. Qxb5 f4 42. Qa5 Qc6 43. Be1 Rxe1 0-1

[Event "OLNN 1617 SK Marmstorf - SSC Rostock"]
[Site "?"]
[Date "2016.11.20"]
[Round "2.8"]
[White "Peschke, Matthias"]
[Black "Schumann, Rabea"]
[Result "1-0"]
[WhiteElo "1956"]
[BlackElo "1849"]
[PlyCount "115"]
[EventDate "2016.??.??"]

1. c4 e6 2. g3 d5 3. Bg2 Nf6 4. Nf3 Be7 5. O-O O-O 6. b3 Nbd7 7. e3 c6 8. Nc3
b6 9. Re1 Bb7 10. Bb2 Rc8 11. Qc2 b5 12. d3 Qc7 13. Rac1 Ba6 14. cxb5 cxb5 15.
Qd2 Qb6 16. e4 dxe4 17. Nxe4 Rfd8 18. Rxc8 Rxc8 19. Bh3 Bb7 20. Ne5 Nxe5 21.
Bxe5 Nxe4 22. dxe4 Qc5 23. Qb2 Qc2 24. Bxg7 Qxb2 25. Bxb2 Rc2 26. Bd4 Bc5 27.
Bxc5 Rxc5 28. Bf1 b4 29. Bc4 Bc6 30. f3 Bb5 31. Bxb5 Rxb5 32. Rc1 Rb7 33. Kf2
Kg7 34. e5 Kg6 35. Ke3 f6 36. exf6 Kxf6 37. Rc4 Kf5 38. g4+ Kf6 39. Ke4 h6 40.
f4 Rb5 41. Rc6 Ra5 42. f5 Rxa2 43. Rxe6+ Kg7 44. h4 Rb2 45. g5 hxg5 46. hxg5
Rxb3 47. Re7+ Kf8 48. Rxa7 Rg3 49. Kf4 Rg1 50. Rb7 Rb1 51. f6 Rf1+ 52. Kg4 b3
53. Kh5 b2 54. Rxb2 Kf7 55. Rb7+ Ke6 56. Kg6 Rf2 57. Re7+ Kd6 58. Re1 1-0

[Event "OLNN 1617 Königsspringer - SC Diogenes"]
[Site "?"]
[Date "2016.11.20"]
[Round "2.1"]
[White "Hochgraefe, Markus"]
[Black "Lamprecht, Frank"]
[Result "1-0"]
[WhiteElo "2394"]
[BlackElo "2387"]
[PlyCount "39"]
[EventDate "2016.??.??"]

1. c4 e6 2. g3 d5 3. Bg2 Nf6 4. Nf3 Be7 5. d4 O-O 6. O-O b6 7. cxd5 exd5 8. Nc3
Bb7 9. Ne5 Ne4 10. Qb3 Nxc3 11. bxc3 c6 12. e4 dxe4 13. Bxe4 Bd6 14. Re1 Qc7
15. Nc4 Be7 16. Bf4 Qd8 17. Na5 Qd7 18. Nxb7 Qxb7 19. Rad1 Na6 20. Bxc6 1-0

[Event "OLNN 1617 Königsspringer - SC Diogenes"]
[Site "?"]
[Date "2016.11.20"]
[Round "2.2"]
[White "Pfreundt, Jakob"]
[Black "Kaid, Almar"]
[Result "1-0"]
[WhiteElo "2293"]
[BlackElo "2278"]
[PlyCount "49"]
[EventDate "2016.??.??"]

1. d4 e6 2. c4 d5 3. Nf3 Nf6 4. Nc3 Nbd7 5. Bf4 dxc4 6. e3 a6 7. Bxc4 b5 8. Bb3
Bd6 9. O-O Bb7 10. Qe2 Qe7 11. a3 c5 12. Bxd6 Qxd6 13. Rad1 O-O 14. dxc5 Qxc5
15. Nd4 Rfd8 16. Rd2 Qb6 17. Rfd1 Nc5 18. Bc2 Nce4 19. Nxe4 Bxe4 20. Bxe4 Nxe4
21. Rc2 Rac8 22. Nc6 Rxd1+ 23. Qxd1 Kf8 24. Qd7 Qc7 25. Ne5 1-0

[Event "OLNN 1617 Königsspringer - SC Diogenes"]
[Site "?"]
[Date "2016.11.20"]
[Round "2.3"]
[White "Schulenburg, Fabian"]
[Black "Zimmermann, Julian"]
[Result "1/2-1/2"]
[WhiteElo "2223"]
[BlackElo "2285"]
[PlyCount "142"]
[EventDate "2016.??.??"]

1. e4 c5 2. Nf3 d6 3. Bb5+ Bd7 4. Bxd7+ Nxd7 5. O-O Ngf6 6. Re1 Rc8 7. d3 e6 8.
Nbd2 Be7 9. Nf1 O-O 10. h3 Qc7 11. g4 c4 12. d4 c3 13. b3 d5 14. e5 Ne4 15. Ng3
f5 16. g5 Qa5 17. h4 Nb8 18. Ne2 Qb6 19. Nf4 Rc6 20. Kg2 Nd7 21. a4 Rfc8 22.
Ba3 Bxa3 23. Rxa3 Nf8 24. Qd3 Nd2 25. Rd1 Ne4 26. Nh2 Ng6 27. Nxg6 hxg6 28. f3
Nd2 29. Nf1 Qb4 30. Ra2 Nxf1 31. Rxf1 Kf7 32. a5 a6 33. Ra4 Qe7 34. f4 Rh8 35.
Kg3 Rc7 36. Rh1 Rc6 37. Qd1 Rh5 38. Rh3 Ke8 39. Qa1 Kd7 40. Kf2 Kc7 41. Qa3
Qxa3 42. Rxa3 Kb8 43. Ra1 Kc7 44. Rd1 Kd7 45. Rdd3 Rc8 46. Rh1 Rc6 47. Ke2 Kc7
48. Rhh3 Kd7 49. Kd1 Rc8 50. Rh1 Rc6 51. Kc1 Kc7 52. Rhh3 b6 53. Rxc3 bxa5 54.
Rxc6+ Kxc6 55. c4 Rh8 56. Kc2 a4 57. c5 Rb8 58. bxa4 Rb4 59. Rd3 Rxa4 60. Kb2
a5 61. Rd2 Rb4+ 62. Kc3 Rc4+ 63. Kd3 Rb4 64. Kc3 Rc4+ 65. Kd3 Ra4 66. Rb2 Ra3+
67. Ke2 a4 68. Rb6+ Kd7 69. Rd6+ Ke7 70. Ra6 Ra1 71. Kd2 a3 {(=)} 1/2-1/2

[Event "OLNN 1617 Königsspringer - SC Diogenes"]
[Site "?"]
[Date "2016.11.20"]
[Round "2.4"]
[White "Harder, Clemens"]
[Black "Korba, Roman"]
[Result "1/2-1/2"]
[WhiteElo "2207"]
[BlackElo "2207"]
[PlyCount "101"]
[EventDate "2016.??.??"]

1. d4 e6 2. c4 d5 3. Nc3 Bb4 4. Qc2 Ne7 5. a3 Bxc3+ 6. Qxc3 O-O 7. Nf3 dxc4 8.
Qxc4 b6 9. g3 Ba6 10. Qc2 Nbc6 11. Bg2 Nxd4 12. Nxd4 Qxd4 13. Bxa8 Rxa8 14. O-O
h5 15. Rd1 Qg4 16. f3 Qh3 17. e4 e5 18. Be3 h4 19. Qg2 Qe6 20. gxh4 f5 21. Bg5
Nc6 22. Rac1 Rf8 23. Be3 fxe4 24. fxe4 Rf7 25. Rc3 Nd4 26. Bxd4 exd4 27. Rf3
Rd7 28. Rd2 Bb7 29. Rf4 Re7 30. Rxd4 c5 31. Rd8+ Re8 32. Rxe8+ Qxe8 33. Qe2 Qe5
34. Rg4 Qd4+ 35. Kg2 c4 36. Kg3 c3 37. bxc3 Qxc3+ 38. Qf3 Qe1+ 39. Kf4 Qc1+ 40.
Kg3 Qg1+ 41. Kf4 Qxh2+ 42. Ke3 Qb2 43. Kf4 Qh2+ 44. Kg5 Qe5+ 45. Qf5 Qe7+ 46.
Kf4 Qd6+ 47. Qe5 Qd2+ 48. Kf3 Qd1+ 49. Kf4 Qc1+ 50. Kg3 Qg1+ 51. Kf3 1/2-1/2

[Event "OLNN 1617 Königsspringer - SC Diogenes"]
[Site "?"]
[Date "2016.11.20"]
[Round "2.5"]
[White "Schulenburg, Torben"]
[Black "Borgmeyer, Max"]
[Result "1/2-1/2"]
[WhiteElo "2134"]
[BlackElo "2218"]
[PlyCount "61"]
[EventDate "2016.??.??"]

1. d4 Nf6 2. c4 e6 3. g3 b6 4. Bg2 c6 5. Nf3 Bb4+ 6. Bd2 Be7 7. O-O d5 8. Ne5
Ba6 9. cxd5 exd5 10. Nc3 O-O 11. Re1 Bb7 12. Qa4 b5 13. Qc2 Na6 14. Rac1 Nd7
15. Nxd7 Qxd7 16. Bf4 Rac8 17. h4 c5 18. Qb3 cxd4 19. Nxd5 Bc5 20. e4 dxe3 21.
Nxe3 Bxg2 22. Kxg2 Qb7+ 23. Qd5 Qb6 24. a3 Rcd8 25. Qf3 b4 26. Nd5 Qb5 27. axb4
Nxb4 28. Nxb4 Bxb4 29. Re5 Qd3 30. Re3 Qd5 31. Qxd5 {(=)} 1/2-1/2

[Event "OLNN 1617 Königsspringer - SC Diogenes"]
[Site "?"]
[Date "2016.11.20"]
[Round "2.6"]
[White "Wagner, Friedrich"]
[Black "Stephan, Axel"]
[Result "1/2-1/2"]
[WhiteElo "2224"]
[BlackElo "2232"]
[PlyCount "104"]
[EventDate "2016.??.??"]

1. c4 Nf6 2. g3 c6 3. Nf3 d5 4. Bg2 Bf5 5. cxd5 cxd5 6. Qb3 Qb6 7. Qxb6 axb6 8.
Nc3 Bd7 9. O-O e6 10. d4 b5 11. Ne5 b4 12. Nxd7 Kxd7 13. Nd1 Nc6 14. e3 Bd6 15.
f4 Rhc8 16. Rf2 Ne4 17. Re2 f5 18. Nf2 Nxf2 19. Rxf2 Na5 20. Rb1 b3 21. axb3
Nxb3 22. Bd2 Bc7 23. Bf1 Ba5 24. Bxa5 Rxa5 25. Bd3 Kd6 26. Kf1 Ra4 27. Ke1 Rb4
28. Rc2 Rxc2 29. Bxc2 Na5 30. b3 Rb6 31. Kd2 Nc6 32. Ra1 Ra6 33. Rxa6 bxa6 34.
g4 g6 35. g5 Nb4 36. Bd1 Kc7 37. Be2 Kb6 38. h4 Nc6 39. h5 Ne7 40. Kc3 Nc8 41.
hxg6 hxg6 42. Bd3 Nd6 43. Kb4 Nc8 44. Be2 Ne7 45. Kc3 Ka5 46. b4+ Kb6 47. Bd3
Nc8 48. Kb3 Nd6 49. Kc3 Ne4+ 50. Bxe4 fxe4 51. Kb2 Kb5 52. Kb3 a5 1/2-1/2

[Event "OLNN 1617 Königsspringer - SC Diogenes"]
[Site "?"]
[Date "2016.11.20"]
[Round "2.7"]
[White "Gottuk, Stefan"]
[Black "Lampe, Joerg"]
[Result "1-0"]
[WhiteElo "2177"]
[BlackElo "2171"]
[PlyCount "63"]
[EventDate "2016.??.??"]

1. e4 c5 2. Be2 Nc6 3. f4 g6 4. Nf3 Bg7 5. d3 d6 6. O-O e6 7. c3 Nge7 8. Qe1
O-O 9. Na3 Rb8 10. Nc2 b5 11. a3 a5 12. Kh1 b4 13. axb4 axb4 14. Bd2 Qb6 15.
Ne3 Bd7 16. Qh4 f5 17. Ng5 h6 18. Nh3 Rbe8 19. g4 e5 20. Nc4 Qb8 21. fxe5 Nxe5
22. Nxe5 dxe5 23. gxf5 gxf5 24. Rg1 f4 25. Qxh6 Rf7 26. Bh5 Nf5 27. Bxf7+ Kxf7
28. Rxg7+ Nxg7 29. Ng5+ Kg8 30. Qh7+ Kf8 31. Qh8+ Ke7 32. Qxg7+ 1-0

[Event "OLNN 1617 Königsspringer - SC Diogenes"]
[Site "?"]
[Date "2016.11.20"]
[Round "2.8"]
[White "Lock, Adrian"]
[Black "Laqua, Christian"]
[Result "1/2-1/2"]
[WhiteElo "2050"]
[BlackElo "2114"]
[PlyCount "85"]
[EventDate "2016.??.??"]

1. e4 Nf6 2. Nc3 d5 3. e5 Ne4 4. Nce2 f6 5. d3 Nc5 6. d4 Ne4 7. f3 Ng5 8. c3
Nf7 9. f4 e6 10. Be3 Be7 11. Nf3 O-O 12. g3 fxe5 13. fxe5 Ng5 14. Nxg5 Bxg5 15.
Qd2 Bxe3 16. Qxe3 Nc6 17. Nf4 Ne7 18. g4 c5 19. O-O-O c4 20. Be2 b5 21. Rdf1
Rb8 22. Nh5 Ng6 23. Rxf8+ Qxf8 24. a3 Rb7 25. Rf1 Rf7 26. Rxf7 Qxf7 27. Kd2 Bd7
28. Qg5 Qe7 29. Qxe7 Nxe7 30. Nf4 Kf7 31. Ke3 Ng6 32. Ng2 Be8 33. Bd1 Ne7 34.
Bc2 Nc6 35. Nf4 g6 36. Ne2 Kg7 37. Kf4 h6 38. h4 Nd8 39. Ng3 Nf7 40. Kf3 Nd8
41. Kf4 Nf7 42. Ke3 Nd8 43. Kf4 1/2-1/2

[Event "OLNN 1617 Schachfreunde HH - Agon Neumü"]
[Site "?"]
[Date "2016.11.20"]
[Round "2.1"]
[White "Hagenstein, Frank"]
[Black "Sawatzki, Frank"]
[Result "1-0"]
[WhiteElo "2239"]
[BlackElo "2353"]
[PlyCount "77"]
[EventDate "2016.??.??"]

1. d4 d5 2. c4 c6 3. Nf3 Nf6 4. e3 Bf5 5. Nc3 a6 6. Ne5 b5 7. cxd5 cxd5 8. g4
Be6 9. Bg2 Nbd7 10. h3 b4 11. Ne2 g6 12. Qa4 a5 13. Nf4 Bg7 14. O-O Ne4 15. Nc6
Qc7 16. Nxb4 Qc4 17. a3 O-O 18. Nxe6 Nb6 19. b3 Qc8 20. Nxd5 Nxd5 21. Nxf8 Ndc3
22. Qc4 Qxf8 23. Qd3 f5 24. Bb2 Nd5 25. Bxe4 fxe4 26. Qxe4 Qf7 27. Rab1 Rf8 28.
Ba1 Nf6 29. Qg2 Qe6 30. d5 Nxd5 31. Bxg7 Kxg7 32. Rbc1 Nf6 33. Rc4 Rb8 34. Ra4
Rxb3 35. Rxa5 Rb2 36. Qg3 Ra2 37. Qf4 h5 38. g5 Nh7 39. Qe5+ 1-0

[Event "OLNN 1617 Schachfreunde HH - Agon Neumü"]
[Site "?"]
[Date "2016.11.20"]
[Round "2.2"]
[White "Bokelbrink, Uwe"]
[Black "Parvanyan, Ashot"]
[Result "1-0"]
[WhiteElo "2324"]
[BlackElo "2332"]
[PlyCount "137"]
[EventDate "2016.??.??"]

1. e4 e6 2. b3 d5 3. Bb2 dxe4 4. Nc3 Nf6 5. Qe2 Be7 6. O-O-O O-O 7. Nxe4 Nbd7
8. Nf3 a5 9. a4 b6 10. Nxf6+ Bxf6 11. d4 Bb7 12. Ne5 Bxe5 13. dxe5 Qg5+ 14. Kb1
Ba6 15. Qd2 Qxd2 16. Rxd2 Bxf1 17. Rxf1 Nc5 18. Rfd1 Nb7 19. Ba3 c5 20. Rd7
Rfd8 21. R1d3 Rxd7 22. Rxd7 Rb8 23. Kb2 Kf8 24. Kc3 Nd8 25. Rc7 f6 26. exf6
gxf6 27. Kc4 Ke8 28. Kb5 e5 29. Rxh7 Nf7 30. Rg7 Kf8 31. Rg3 Ke7 32. Kc6 Nd8+
33. Kb5 Ne6 34. c3 Kd6 35. Rd3+ Kc7 36. Rh3 Kd6 37. Rh7 Nc7+ 38. Kc4 Rg8 39. g3
e4 40. Bc1 Kc6 41. Rh6 b5+ 42. axb5+ Nxb5 43. b4 Nd6+ 44. Kb3 axb4 45. Rxf6 c4+
46. Kxb4 Rb8+ 47. Ka3 Rb3+ 48. Ka2 Kd5 49. Ba3 Nb5 50. Bb4 Nxc3+ 51. Bxc3 Rxc3
52. Kb2 Rb3+ 53. Kc2 Ra3 54. Rf8 c3 55. h4 Kc4 56. h5 Ra2+ 57. Kb1 Re2 58. h6
Re1+ 59. Kc2 Rh1 60. Rf4 Rxh6 61. Rxe4+ Kd5 62. Re3 Rf6 63. f3 Rg6 64. g4 Kd4
65. Re4+ Kd5 66. Kxc3 Rf6 67. Re3 Ra6 68. Kd3 Ra2 69. Re8 1-0

[Event "OLNN 1617 Schachfreunde HH - Agon Neumü"]
[Site "?"]
[Date "2016.11.20"]
[Round "2.3"]
[White "Wulf von Moers, Jens"]
[Black "Ritscher, Jan-Paul"]
[Result "0-1"]
[WhiteElo "2171"]
[BlackElo "2262"]
[PlyCount "82"]
[EventDate "2016.??.??"]

1. e4 Nf6 2. e5 Nd5 3. d4 d6 4. c4 Nb6 5. exd6 exd6 6. Nc3 Be7 7. Bd3 Nc6 8.
Nge2 Bg4 9. f3 Bh5 10. O-O Bg6 11. Bxg6 hxg6 12. b3 Bf6 13. Ne4 d5 14. Nxf6+
Qxf6 15. c5 Nd7 16. Bf4 O-O-O 17. Qd2 Rde8 18. Rae1 Nf8 19. Nc3 Ne6 20. Be5 Qh4
21. Bg3 Qxd4+ 22. Qxd4 Ncxd4 23. Nxd5 c6 24. Nc3 Nxc5 25. Bf2 Nde6 26. Re2 b6
27. Bg3 a5 28. a3 Nd4 29. Rxe8+ Rxe8 30. b4 axb4 31. axb4 Nce6 32. Ra1 Kb7 33.
Ne4 Nb5 34. Bh4 Nf4 35. Rd1 Nd5 36. Bf2 f6 37. Ra1 Rd8 38. Rd1 Ra8 39. h3 Ra2
40. Rb1 Rc2 41. Rd1 Rb2 0-1

[Event "OLNN 1617 Schachfreunde HH - Agon Neumü"]
[Site "?"]
[Date "2016.11.20"]
[Round "2.4"]
[White "Hermesmann, Hans"]
[Black "Ressler, Eckart"]
[Result "1/2-1/2"]
[WhiteElo "2272"]
[BlackElo "2207"]
[PlyCount "85"]
[EventDate "2016.??.??"]

1. d4 d5 2. c4 e6 3. Nc3 Nf6 4. cxd5 Nxd5 5. Nf3 c5 6. e3 Nc6 7. Bd3 Be7 8. O-O
O-O 9. a3 cxd4 10. exd4 Bf6 11. Qc2 Nxd4 12. Nxd4 Bxd4 13. Bxh7+ Kh8 14. Ne2
Bf6 15. Be4 Kg8 16. Rd1 Bd7 17. Bxd5 exd5 18. Rxd5 Ba4 19. Qd3 Qxd5 20. Qxd5
Rfd8 21. Nf4 Rxd5 22. Nxd5 Rd8 23. Nxf6+ gxf6 24. Be3 a6 25. Kf1 Rd1+ 26. Rxd1
Bxd1 27. Ke1 Ba4 28. Bd4 f5 29. Ke2 Kh7 30. Ke3 Kg6 31. Kf4 Bc6 32. f3 Bb5 33.
h4 Bd7 34. Bc5 Be6 35. Bf8 Bd7 36. g4 fxg4 37. fxg4 Be6 38. h5+ Kh7 39. g5 Bb3
40. Kf5 Bd1 41. g6+ fxg6+ 42. hxg6+ Kg8 43. Bd6 1/2-1/2

[Event "OLNN 1617 Schachfreunde HH - Agon Neumü"]
[Site "?"]
[Date "2016.11.20"]
[Round "2.5"]
[White "Menzel, Ralf"]
[Black "Kluenger, Marc"]
[Result "1-0"]
[WhiteElo "2209"]
[BlackElo "2230"]
[PlyCount "109"]
[EventDate "2016.??.??"]

1. e4 c5 2. Nf3 e6 3. Nc3 Nc6 4. Bb5 Nd4 5. O-O a6 6. Bd3 d6 7. Nxd4 cxd4 8.
Ne2 Qb6 9. b3 Be7 10. Bb2 Bf6 11. c3 dxc3 12. Bxc3 Bd7 13. Bc2 Bb5 14. a4 Bxe2
15. Qxe2 Bxc3 16. dxc3 Ne7 17. e5 dxe5 18. Qxe5 O-O 19. a5 Qc6 20. Be4 Qc8 21.
Rfd1 Nc6 22. Qc5 Qc7 23. Bxc6 Rac8 24. Rd6 Rfd8 25. Rad1 bxc6 26. g3 Rxd6 27.
Rxd6 g6 28. b4 h5 29. h4 Kg7 30. Qd4+ Kg8 31. Rd7 Qb8 32. Qa7 Qe5 33. Qxa6 Qe1+
34. Kg2 Qe4+ 35. Kh2 Rf8 36. Qd3 Qe1 37. Kg2 Qa1 38. a6 e5 39. Qc4 e4 40. a7 e3
41. fxe3 Qa4 42. Kf3 Qa1 43. Kf4 Qe1 44. Qxc6 Re8 45. Re7 Rxe7 46. a8=Q+ Kg7
47. Qc5 Qb1 48. Qad5 Qf1+ 49. Qf3 Qb1 50. Kg5 Re6 51. Qd4+ f6+ 52. Qfxf6+ Rxf6
53. Qxf6+ Kh7 54. Qf7+ Kh8 55. Kh6 1-0

[Event "OLNN 1617 Schachfreunde HH - Agon Neumü"]
[Site "?"]
[Date "2016.11.20"]
[Round "2.6"]
[White "Kull, Florian"]
[Black "Kopylov, Luba"]
[Result "1-0"]
[WhiteElo "2191"]
[BlackElo "2146"]
[PlyCount "125"]
[EventDate "2016.??.??"]

1. c4 e5 2. Nc3 Bb4 3. Nd5 Ba5 4. b4 c6 5. bxa5 cxd5 6. cxd5 Nf6 7. Qc2 Na6 8.
Bb2 d6 9. e4 Qxa5 10. Bc3 Qc5 11. Bxa6 bxa6 12. Ne2 Bd7 13. a4 Rb8 14. O-O O-O
15. h3 Nh5 16. g4 Nf6 17. Kg2 Rb4 18. d3 Rfb8 19. Rfc1 Rb3 20. Qd2 Qb6 21. Rc2
Qd8 22. f4 Bxg4 23. fxe5 dxe5 24. Bxe5 Nxe4 25. dxe4 Bxh3+ 26. Kh2 Qh4 27. Qf4
Bg4+ 28. Kg1 Rf3 29. Qh2 Rh3 30. Qg2 Re8 31. Rac1 f6 32. Bg3 Qh5 33. Nf4 Rxg3
34. Qxg3 Qg5 35. Ne6 Bxe6 36. Qxg5 fxg5 37. dxe6 Rxe6 38. Rc4 h6 39. Rb1 Kh7
40. Rb7 Kg6 41. Kg2 h5 42. Rxa7 h4 43. Kh3 Rf6 44. Rcc7 Rf3+ 45. Kg2 Rg3+ 46.
Kf2 g4 47. Rxa6+ Kg5 48. Rxg7+ Kf4 49. Rf6+ Kxe4 50. a5 Ke5 51. Rf8 Ke6 52. a6
Ra3 53. Rxg4 h3 54. Rh8 Kf5 55. Rgh4 Kg5 56. R8h5+ Kg6 57. Rxh3 Ra4 58. Rh6+
Kg7 59. a7 Ra1 60. Rh7+ Kg6 61. Rb7 Ra2+ 62. Ke1 Kf5 63. Rh8 1-0

[Event "OLNN 1617 Schachfreunde HH - Agon Neumü"]
[Site "?"]
[Date "2016.11.20"]
[Round "2.7"]
[White "Grohde, Wolfgang"]
[Black "Hermann, Matthias"]
[Result "1/2-1/2"]
[WhiteElo "2050"]
[BlackElo "2216"]
[PlyCount "106"]
[EventDate "2016.??.??"]

1. d4 Nf6 2. c4 d6 3. Nc3 g6 4. e4 Bg7 5. Nf3 Bg4 6. Be2 O-O 7. O-O Kh8 8. Be3
Nbd7 9. Ne1 Bxe2 10. Qxe2 e5 11. d5 Ng8 12. Nd3 f5 13. f3 f4 14. Bf2 b6 15. b4
a5 16. a3 g5 17. c5 axb4 18. axb4 bxc5 19. bxc5 Ndf6 20. Nb5 Qd7 21. c6 Qf7 22.
Nb4 h5 23. Ra6 Rxa6 24. Nxa6 Ne8 25. Rb1 Bf6 26. Na7 Bd8 27. Rb8 Qf6 28. Nb5
Nh6 29. Rb7 Rf7 30. Nb8 g4 31. Nd7 Qg5 32. Be1 gxf3 33. Qxf3 Ng4 34. Rb8 Kh7
35. h3 Ne3 36. h4 Qe7 37. Qxh5+ Kg8 38. Qg5+ Rg7 39. Qxe7 Rxg2+ 40. Kh1 Bxe7
41. Rxe8+ Kf7 42. Rxe7+ Kxe7 43. h5 f3 44. Bh4+ Kf7 45. Nxc7 Ng4 46. Ne6 Rh2+
47. Kg1 Rg2+ 48. Kh1 Rh2+ 49. Kg1 Rxh4 50. Ng5+ Ke7 51. Nxf3 Rxh5 52. Nd2 Rh6
53. Nc4 Nf6 {(=)} 1/2-1/2

[Event "OLNN 1617 Schachfreunde HH - Agon Neumü"]
[Site "?"]
[Date "2016.11.20"]
[Round "2.8"]
[White "Dietz, Juergen"]
[Black "Parvanyan, Alfred"]
[Result "1/2-1/2"]
[WhiteElo "2147"]
[BlackElo "2023"]
[PlyCount "87"]
[EventDate "2016.??.??"]

1. f4 Nf6 2. Nf3 d6 3. d3 g6 4. e4 Bg7 5. Be2 O-O 6. O-O c5 7. Qe1 Nc6 8. Nc3
Rb8 9. Qh4 Nd4 10. Bd1 Bg4 11. Nxd4 Bxd1 12. Ne6 fxe6 13. Nxd1 c4 14. Be3 b6
15. Nc3 cxd3 16. cxd3 Qd7 17. d4 Rbc8 18. Rac1 Rxc3 19. Rxc3 Nxe4 20. Rc2 Nf6
21. Qe1 Nd5 22. g3 Rc8 23. Rxc8+ Qxc8 24. Bf2 Kf7 25. Qd2 Nf6 26. Qd3 Qb7 27.
b3 Qd5 28. Qc4 Qh5 29. Re1 d5 30. Qe2 Qf5 31. Kg2 Ne4 32. Be3 Nc3 33. Qd2 Ne4
34. Qe2 Nc3 35. g4 Qe4+ 36. Qf3 Qc2+ 37. Qf2 Qe4+ 38. Kg3 Qd3 39. Kg2 Ne4 40.
Qe2 Qc3 41. Rc1 Qb4 42. Qd1 Nd6 43. Qd2 Qb5 44. Qc2 {(=)} 1/2-1/2

[Event "OLNN 1617 Agon Neumünster - SF Schweri"]
[Site "?"]
[Date "2016.12.04"]
[Round "3.1"]
[White "Spivak, Ilya"]
[Black "Hagenstein, Frank"]
[Result "1/2-1/2"]
[WhiteElo "2339"]
[BlackElo "2250"]
[PlyCount "62"]
[EventDate "2016.??.??"]

1. e4 e6 2. d4 d5 3. Nc3 Nf6 4. Bg5 dxe4 5. Nxe4 Be7 6. Nxf6+ Bxf6 7. Bxf6 Qxf6
8. c3 O-O 9. Nf3 Nd7 10. Bd3 e5 11. O-O exd4 12. Nxd4 Nc5 13. Bxh7+ Kxh7 14.
Qh5+ Kg8 15. Qxc5 c6 16. Rfe1 Bd7 17. Qe7 Qxe7 18. Rxe7 Rfd8 19. f3 c5 20. Nb3
Kf8 21. Ree1 b6 22. Nd2 Be6 23. Nf1 Rd6 24. a3 Rad8 25. Kf2 Bc4 26. Re4 Bd3 27.
Rh4 Kg8 28. Re1 R8d7 29. f4 Bxf1 30. Kxf1 Rd2 31. Re2 Rd1+ 1/2-1/2

[Event "OLNN 1617 Agon Neumünster - SF Schweri"]
[Site "?"]
[Date "2016.12.04"]
[Round "3.2"]
[White "Parvanyan, Ashot"]
[Black "Kesten, Sebastian"]
[Result "1/2-1/2"]
[WhiteElo "2359"]
[BlackElo "2272"]
[PlyCount "39"]
[EventDate "2016.??.??"]

1. Nf3 g6 2. c4 Bg7 3. e4 c5 4. d4 cxd4 5. Nxd4 Qb6 6. Nb3 d6 7. Be2 Be6 8. Be3
Qc7 9. Nd4 Nc6 10. Nc3 Nxd4 11. Bxd4 Nf6 12. O-O O-O 13. Rc1 Rfc8 14. Nd5 Bxd5
15. exd5 Nd7 16. Bxg7 Kxg7 17. Re1 Re8 18. Bf1 Qc5 19. Rc3 Nf8 20. Qd2 1/2-1/2